书目信息 |
| 题名: |
一般拓扑基础
|
|
| 作者: | Pervin 著 ;蒲义书 译 | |
| 分册: | ||
| 出版信息: | 汉中师范学院 1983.06 |
|
| 页数: | 268页 | |
| 开本: | 19cm | |
| 丛书名: | ||
| 单 册: | ||
| 中图分类: | O189.1 | |
| 科图分类: | ||
| 主题词: | 几何 , 拓扑 | |
| 电子资源: | ||
| ISBN: | ||
| 000 | 00554nam0 2200205 450 | |
| 001 | 0654585546 | |
| 005 | 20060816151247.90 | |
| 010 | @dCNY1.20 | |
| 100 | @a20060816d1983 km y0chiy0120 ea | |
| 101 | 0 | @achi@ceng |
| 200 | 1 | @a一般拓扑基础@Ayi ban tuo pu ji chu@f(美)Pervin著@F(mei)Pervin zhu@g蒲义书译@Gpu yi shu yi |
| 210 | @c汉中师范学院@d1983.06 | |
| 215 | @a268页@d19cm | |
| 606 | 0 | @a几何 |
| 606 | 0 | @a拓扑 |
| 690 | @aO189.1@v3 | |
| 701 | 0 | @aPervin@4著 |
| 702 | 0 | @a蒲义书@Apu yi shu@4译 |
| 801 | 0 | @aCN@bPFT@c20060816 |
| 905 | @a10447@dO189.1@e42 | |
| 一般拓扑基础/(美)Pervin著/蒲义书译.-汉中师范学院,1983.06 |
| 268页;19cm |
| ISBN :CNY1.20 |
| ● |
| 相关链接 |
|
|
|
|
正题名:一般拓扑基础
索取号:O189.1/42
 
预约/预借
| 序号 | 登录号 | 条形码 | 馆藏地/架位号 | 状态 | 备注 |
| 1 | 0461892 | 204618921 | 密集书库/ [索取号:O189.1/42] | 在馆 |